| 000 | 00942nam a22003137a 4500 | ||
|---|---|---|---|
| 003 | CHAP | ||
| 005 | 20220329140329.0 | ||
| 008 | 971013s1976 r 00010 d | ||
| 010 | _a50512 | ||
| 011 | _a51484 | ||
| 035 | _a55634 | ||
| 040 | _cCHAP | ||
| 082 |
_a512 _bV3Y 1973 |
||
| 100 | 0 | 0 |
_aVance, Elbridge P. _9117840 |
| 245 | _aAlgebra y trigonometría | ||
| 260 |
_aBogotá : _bFondo Educativo Interamericano, _c1976 |
||
| 300 | _a462 p. | ||
| 500 | _aTrad. de la 3 ed. en inglés de 1973 | ||
| 590 |
_aBATCH-UPD _b10 _c20130110 _lUCH01 _h0009 |
||
| 590 |
_aBATCH-UPD _b10 _c20130110 _lUCH01 _h1552 |
||
| 590 |
_aBATCH-UPD _b10 _c20130410 _lUCH01 _h0949 |
||
| 590 |
_aBATCH-UPD _b10 _c20130914 _lUCH01 _h1845 |
||
| 590 |
_aCONVERSION _b10 _c20130109 _lUCH01 _h1327 |
||
| 650 | 1 | 4 |
_aÁlgebra. _982391 |
| 650 | 1 | 4 |
_aTrigonometría. _9115144 |
| 901 | _aBK | ||
| 942 | _cLIBRO | ||
| 949 |
_a512 V3Y 1973 _bBC _cLIBRO _d-121951 _eLIBRO _i55634 _si |
||
| 999 |
_c50512 _d50512 |
||